Displaced persons act 1954 : (Record no. 463591)
[ view plain ]
| 000 -LEADER | |
|---|---|
| fixed length control field | 00969nam a2200277 a 4500 |
| 001 - CONTROL NUMBER | |
| control field | vtls001193389 |
| 003 - CONTROL NUMBER IDENTIFIER | |
| control field | NLI |
| 005 - DATE AND TIME OF LATEST TRANSACTION | |
| control field | 20210603151054.0 |
| 008 - FIXED-LENGTH DATA ELEMENTS--GENERAL INFORMATION | |
| fixed length control field | 120328s1955 ii f001 0 eng d |
| 020 ## - INTERNATIONAL STANDARD BOOK NUMBER | |
| International Standard Book Number | Rs.2.00 |
| 039 #9 - LEVEL OF BIBLIOGRAPHIC CONTROL AND CODING DETAIL [OBSOLETE] | |
| -- | 201203281648 |
| -- | VLOAD |
| 040 ## - CATALOGING SOURCE | |
| Original cataloging agency | NLI |
| Language of cataloging | eng |
| Transcribing agency | Entertech IMP - 2012 |
| Description conventions | AACR2 |
| 041 0# - LANGUAGE CODE | |
| Language code of text/sound track or separate title | eng |
| 044 ## - COUNTRY OF PUBLISHING/PRODUCING ENTITY CODE | |
| MARC country code | ii |
| 084 ## - OTHER CLASSIFICATION NUMBER | |
| Classification number | 171.A.2753 |
| 100 1# - MAIN ENTRY--PERSONAL NAME | |
| Personal name | Nijhawan, Dina Nath |
| 9 (RLIN) | 588663 |
| 245 10 - TITLE STATEMENT | |
| Title | Displaced persons act 1954 : |
| Remainder of title | compensation and rehabitation act 44 of 1954 with short notes and dosplaced persons rules 1955 compensation displaced ammendment rules 1955 / |
| Statement of responsibility, etc. | by Dina Nath Nijhawan |
| 260 ## - PUBLICATION, DISTRIBUTION, ETC. | |
| Place of publication, distribution, etc. | Delhi : |
| Name of publisher, distributor, etc. | Federal Law Depot , |
| Date of publication, distribution, etc. | 1955 |
| 300 ## - PHYSICAL DESCRIPTION | |
| Extent | 96 p. ; |
| Dimensions | 24 cm. |
| 887 ## - NON-MARC INFORMATION FIELD | |
| Content of non-MARC field | |
| 901 ## - LOCAL DATA ELEMENT A, LDA (RLIN) | |
| a | 314584: |
| b | 02.04.1957 |
| 902 ## - LOCAL DATA ELEMENT B, LDB (RLIN) | |
| a | 171.A.2753 |
| 942 ## - ADDED ENTRY ELEMENTS (KOHA) | |
| Source of classification or shelving scheme | Dewey Decimal Classification |
| Koha item type | Books |
| 949 ## - LOCAL PROCESSING INFORMATION (OCLC) | |
| -- | VIRTUAITEM |
| -- | 10000 |
| -- | 100 |
| 6 | IMP000314584ENG |
| Withdrawn status | Lost status | Damaged status | Not for loan | Home library | Current library | Date acquired | Total Checkouts | Full call number | Barcode | Date last seen | Price effective from | Koha item type |
|---|---|---|---|---|---|---|---|---|---|---|---|---|
| National Library of India | National Library of India | 171.A.2753 | IMP000314584ENG | 03/06/2021 | 03/06/2021 | Books |
